| 000 | 00510nam a2200157Ia 4500 | ||
|---|---|---|---|
| 008 | 160316s1972 xxu||||| |||| 00| 0 eng d | ||
| 082 |
_a341.733000 _bZIL |
||
| 100 | _aZile Zigurds L | ||
| 245 | _aThe soviet legal system and arms inspection : A case study in policy implementation | ||
| 250 | _a | ||
| 260 |
_aNew York _bPralger Publishers _c1972 |
||
| 300 |
_a394p _b20 cm _c |
||
| 365 | _b$24.00 | ||
| 650 | _a1.Legal System - Arms Inspection - International Law - USSR | ||
| 700 |
_aSharlet Robert _aLove Jean C |
||
| 999 |
_c3985 _d3985 |
||